Statistiques concernant Pays codés par décalage

Cliquez ici pour prendre le quiz!

Statistiques générales

  • Ce quiz a été pris 187 fois
  • Le résultat moyen est 9 sur 16

Statistiques - réponses

DécalageCodePays% Correct
+1EQZMBDFrance
99%
+1DROZFMDEspagne
97%
-1BMMFNBHOFAllemagne
96%
+2AFGLCChine
96%
+3YOBPFIBrésil
86%
-2GVCVUWPKUÉtats-Unis
86%
-3DXVWUDOLHAustralie
68%
-6KZNOUVOKÉthiopie
50%
-5GFSLQFIJXMBangladesh
44%
+7OXGXSNXETVenezuela
41%
+10IYDWQFEKHSingapour
31%
+15XZWOLGTPMoldavie
20%
-8OCQVMMGuinée
18%
-13CNYNBFPalaos
9%
-20VINMQUHUBotswana
7%
-17ARDRZHLVJamaïque
6%

Distribution des résultats

Percentile par nombre de réponses

% des personnes avec chaque résultat

Votre développement - résultats

Vous n’avez pas pris ce quiz